¿Tú entendiste?, porque yo no / (Registro nro. 15129)

Detalles MARC
000 -LIDER
fixed length control field 00829nam a2200265 a 4500
001 - NÚMERO DE CONTROL
Identificador de número de control 000028683
003 - IDENTIFICACDOR DE NÚMERO DE CONTROL
control field DO-SdBPM
005 - DATE AND TIME OF LATEST TRANSACTION
control field 20250603131518.0
008 - ELEMENTOS DE LONGITUD FIJA
fixed length control field 110411s2016 dr a 000 p spa d
020 ## - ISBN
International Standard Book Number 9789945175806
040 ## - FUENTE DE CATALOGACIÓN
Agencia que crea de manera original el registro DO-SdBPM
Idioma de catalogación spa
Agencia que realiza la transcripción BPMSU
082 #4 - NÚMERO DE CLASIFICACIÓN DECIMAL DE DEWEY
Classification number RD863.44
Item number N576t 2016
Edition number 22
100 1# - ASIENTO PRINCIPAL -- NOMBRE PERSONAL
Nombre personal Ng, Leibi
Forma completa del nombre (Ng, Leiby)
245 10 - MENCIÓN DE TITULO
Título ¿Tú entendiste?, porque yo no /
Mención de responsabilidad Leibi Ng ; ilustraciones Wi-Hen Fung
Subtítulo
260 ## - PUBLICACIÓN, DISTRIBUCIÓN, ETC. (PIE DE IMPRENTA)
Lugar de publicación, distribución, etc Santo Domingo :
Nombre del editor, distribuidor, etc. SM,
Fecha de publicación, distribución, etc 2016
300 ## - DESCRIPCIÓN FÍSICA
Extensión 48 p. :
Otros detalles físicos ils. ;
Dimensiones 22 cm.
490 0# - MENCIÓN DE SERIES
Mención de serie El Barco de vapor
590 ## - NOTA LOCAL
Enlace Inventariado, 2025/VM
650 #4 - ENCABEZAMIENTO DE MATERIA--TEMÁTICO
Término temático o nombre geográfico como elemento de entrada Cuentos infantiles dominicanos
650 #4 - ENCABEZAMIENTO DE MATERIA--TEMÁTICO
Término temático o nombre geográfico como elemento de entrada Literatura infantil dominicana
650 #4 - ENCABEZAMIENTO DE MATERIA--TEMÁTICO
Término temático o nombre geográfico como elemento de entrada Libros ilustrados para niños
700 1# - ASIENTO SECUNDARIO -- NOMBRE PERSONAL
Nombre personal Hen Fung, Wi
Mención de responsabilidad ilustraciones
910 ## - VALIDACIÓN
Validación VMateo V. Control de calidad (BPMSU)
942 ## - ADDED ENTRY ELEMENTS (KOHA)
Source of classification or shelving scheme Dewey Decimal Classification
Koha item type Libros
Existencias
Withdrawn status Lost status Source of classification or shelving scheme Damaged status Not for loan Collection code Home library Current library Date acquired Total Checkouts Full call number Barcode Date last seen Price effective from Koha item type
    Dewey Decimal Classification     Colección Infantil Dominicana Biblioteca Pública Metropolitana Salomé Ureña Biblioteca Pública Metropolitana Salomé Ureña 06/03/2025   BPMSU CDI RD863.44 N576t 2016 BPMSU25060011 06/03/2025 06/03/2025 Libros